Honduras: Partido socialista denuncia arbitrariedades

Guardat en:
Dades bibliogràfiques
Format: Text
Matèries:
Etiquetes: Afegir etiqueta
Sense etiquetes, Sigues el primer a etiquetar aquest registre!

MARC

LEADER 00000 a a2200000 04500
001 17935
003
040
245 |a Honduras:   |b Partido socialista denuncia arbitrariedades  
650 |a SOCIALISMO  
650 |a MILITARISMO  
650 |a CAMPESINADO  
650 |a POLITICA  
650 |a HONDURAS  
773 |g volumen 4, número 22; (1980) páginas 245  
999 |c 38194  |d 38194